Statistiques concernant Pays communistes quiz

Cliquez ici pour prendre le quiz!

Statistiques générales

  • Ce quiz a été pris 6,502 fois
  • Le résultat moyen est 13 sur 26

Statistiques - réponses

Années Pays % Correct
1949 - présentChine
93%
1922 - 1991Union soviétique
92%
1948 - 2009Corée du Nord
83%
1959 - présentCuba
82%
1976 - présentViêt Nam
74%
1945 - 1976Viêt Nam du Nord
74%
1944 - 1989Pologne
74%
1945 - 1991Yougoslavie
65%
1947 - 1989Roumanie
65%
1949 - 1989Hongrie
59%
1946 - 1990Bulgarie
57%
1979 - 1989Cambodge
57%
1975 - présentLaos
54%
1924 - 1992Mongolie
50%
1948 - 1990Tchécoslovaquie
48%
1949 - 1990Allemagne de l'Est
46%
1946 - 1992Albanie
43%
1978 - 1992Afghanistan
36%
1975 - 1992Angola
28%
1970 - 1991République du Congo
22%
1975 - 1990Mozambique
19%
1987 - 1991Éthiopie
16%
1969 - 1991Somalie
13%
1967 - 1990Yemen du Sud
11%
1975 - 1990Bénin
7%
1979 - 1983Grenade
6%

Distribution des résultats

Percentile by Number Answered

% des personnes avec chaque résultat

Votre développement - résultats

Vous n’avez pas pris ce quiz